Estudio de la zona de alta presión de una planta industrial de urea /
Guardado en:
| Otros Autores: | , |
|---|---|
| Formato: | Manuscrito |
| Idioma: | Spanish |
| Publicado: |
2009.
|
| Materias: | |
| Etiquetas: |
Agregar Etiqueta
Sin Etiquetas, Sea el primero en etiquetar este registro!
|
| LEADER | 01033ntm a22002535a 4500 | ||
|---|---|---|---|
| 001 | EIQ.libpla004219 | ||
| 008 | 101217s2009####ag#a#####bm###000#0#spa#d | ||
| 005 | 20121011162217.0 | ||
| 245 | 1 | 0 | |a Estudio de la zona de alta presión de una planta industrial de urea / |c Daniela Karina Cesari. |
| 260 | |c 2009. | ||
| 300 | |a xviii, 231 p. : |b il. ; |c 21 cm. | ||
| 500 | |a Director de tesis: Daniel Oscar Borio. | ||
| 500 | |a "Tesis de Doctorado en Ingeniería Química". | ||
| 502 | |a Tesis (doctoral)--Universidad Nacional del Sur. Departamento de Ingeniería Química, 2010. | ||
| 530 | |a Disponible también en formato digital. | ||
| 504 | |a Incluye referencias bibliográficas al final del texto. | ||
| 100 | 1 | |a Cesari, Daniela Karina. |4 dis | |
| 700 | 1 | |a Borio, Daniel Oscar. |4 ths | |
| 710 | 2 | |a Universidad Nacional del Sur. |b Departamento de Ingeniería Química |4 dgg. | |
| 082 | 0 | 4 | |a 660.2832 |2 21 |
| 650 | 7 | |a Fertilizantes |x Urea | |
| 650 | 7 | |a Fertilizers |x Urea | |
| 040 | |a AR-BbSID | ||
| 859 | |a AR-BbSID |b BIB. PLAPIQUI |h 660.2832 |i C337 |p 6168 | ||
